header

Crafts : (Record no. 258858)

MARC details
000 -LEADER
fixed length control field 00684nam a22002297a 4500
003 - CONTROL NUMBER IDENTIFIER
control field OSt
005 - DATE AND TIME OF LATEST TRANSACTION
control field 20200721123450.0
008 - FIXED-LENGTH DATA ELEMENTS--GENERAL INFORMATION
fixed length control field 200721b xxu||||| |||| 00| 0 eng d
010 ## - LIBRARY OF CONGRESS CONTROL NUMBER
LC control number 87401930
020 ## - INTERNATIONAL STANDARD BOOK NUMBER
International Standard Book Number 0871921804
035 ## - SYSTEM CONTROL NUMBER
System control number 9 (DLC) 87401930
040 ## - CATALOGING SOURCE
Transcribing agency RU
050 ## - LIBRARY OF CONGRESS CALL NUMBER
Classification number TT157
Item number .S72 1987
100 ## - MAIN ENTRY--PERSONAL NAME
Personal name Sprintzen, Alice.
245 ## - TITLE STATEMENT
Title Crafts :
Remainder of title contemporary design and technique
Statement of responsibility, etc Alice Sprintzen.
260 ## - PUBLICATION, DISTRIBUTION, ETC. (IMPRINT)
Place of publication, distribution, etc Worcester, Mass. :
Name of publisher, distributor, etc Davis Publications,
Date of publication, distribution, etc c1987.
300 ## - PHYSICAL DESCRIPTION
Extent xiii, 178 p., [8] p. of plates :
Other physical details ill. (some col.) ;
Dimensions 26 cm.
500 ## - GENERAL NOTE
General note Includes index.
504 ## - BIBLIOGRAPHY, ETC. NOTE
Bibliography, etc Bibliography: p. 173-174.
650 ## - SUBJECT ADDED ENTRY--TOPICAL TERM
Topical term or geographic name as entry element Handicraft.
942 ## - ADDED ENTRY ELEMENTS (KOHA)
Source of classification or shelving scheme Library of Congress Classification
Koha item type Long Loan Books
Holdings
Withdrawn status Lost status Source of classification or shelving scheme Damaged status Not for loan Collection code Home library Current library Shelving location Date acquired Total Checkouts Full call number Barcode Date last seen Price effective from Koha item type
    Library of Congress Classification     Non-fiction Rongo University Library Rongo University Library General Stacks 21/07/2020   TT157 .S72 1987 201610813 21/07/2020 21/07/2020 Long Loan Books

© 2026 Rongo University
Contact us: librarian | system librarian | Rongo university